[Event "Smartchess.com It"]
[Site "New York USA"]
[Date "2001.10.09"]
[Round "3"]
[White "Cela,A"]
[Black "Novikov,I"]
[Result "1/2-1/2"]
[WhiteElo "2483"]
[BlackElo "2588"]
[EventDate "2001.10.07"]

1. e4 c5 2. Nf3 d6 3. d4 cxd4 4. Nxd4 Nf6 5. Nc3 a6 6. Bg5 e6 7. f4 Qb6 8.
Qd2 Qxb2 9. Rb1 Qa3 10. f5 Nc6 11. fxe6 fxe6 12. Nxc6 bxc6 13. Be2 Be7 14.
O-O O-O 15. Rb3 Qc5+ 16. Be3 1/2-1/2

[Event "Smartchess.com It"]
[Site "New York USA"]
[Date "2001.10.10"]
[Round "4"]
[White "Cela,A"]
[Black "Gonzales,Jay"]
[Result "1-0"]
[WhiteElo "2483"]
[BlackElo "2432"]
[EventDate "2001.10.07"]

1. e4 c5 2. Nf3 Nc6 3. d4 cxd4 4. Nxd4 e5 5. Nb5 d6 6. a4 Be7 7. N1c3 a6 8.
Na3 Be6 9. Nc4 Rc8 10. Nd5 Bxd5 11. exd5 Nb8 12. a5 Nd7 13. Be2 f5 14. f4
Ngf6 15. O-O O-O 16. fxe5 Nxe5 17. Nb6 Rc7 18. Rxf5 Ne4 19. Rxf8+ Qxf8 20.
Be3 Qf5 21. c3 Bg5 22. Qd4 Bxe3+ 23. Qxe3 Nf6 24. c4 Qc2 25. b4 Qb2 26. Rf1
Qxb4 27. Qh3 Qc5+ 28. Kh1 Re7 29. Qf5 Ng6 30. Bd3 Nf8 31. g4 h6 32. h4 Re5
33. Qf4 Qe3 34. Qxe3 Rxe3 35. Bf5 Ne4 36. Kg2 Nf6 37. Nc8 Ne8 38. h5 Re5
39. Kf3 g6 40. hxg6 Kg7 41. Rb1 Nxg6 42. Rxb7+ Kf6 43. Bxg6 Kxg6 44. Nxd6
1-0

[Event "Smartchess.com It"]
[Site "New York USA"]
[Date "2001.10.11"]
[Round "5"]
[White "Gonzales,Jay"]
[Black "Novikov,I"]
[Result "1/2-1/2"]
[WhiteElo "2432"]
[BlackElo "2588"]
[EventDate "2001.10.07"]

1. d4 d5 2. c4 c6 3. Nc3 e6 4. Nf3 Nf6 5. Bg5 h6 6. Bh4 dxc4 7. e4 g5 8.
Bg3 b5 9. Be2 Bb7 10. h4 b4 11. Na4 Nxe4 12. Be5 f6 13. Bxb8 Rxb8 14. Bxc4
g4 15. Qc2 f5 16. O-O-O gxf3 17. gxf3 Nd6 18. Bxe6 Bc8 19. Rhe1 Bxe6 20.
Rxe6+ Kd7 21. d5 Rb6 22. Kb1 cxd5 23. Nc5+ Kc8 24. Rxd5 Kb8 25. Na4 Rg8 26.
Nxb6 Rg1+ 27. Rd1 Rxd1+ 28. Qxd1 Qxb6 29. Rf6 Qd8 30. Rxf5 Qe7 31. Rd5 Nc8
32. Rd4 Qc5 33. Qd3 Nb6 34. Rd8+ Kc7 35. Re8 Bd6 36. Re2 Kb7 37. Qh7+ Bc7
38. Rc2 Qd6 39. Qe4+ Kb8 40. Rc6 Qd2 41. Rc2 Qd6 42. Qc6 Qf4 43. Qe8+ Nc8
44. Qe4 Qd6 45. Rc6 Qd1+ 46. Rc1 Qd6 47. Qc6 Ne7 48. Qxd6 Bxd6 49. Rc4 Kb7
50. Kc2 Ng6 51. b3 h5 52. Kd2 Be7 53. Re4 Bxh4 54. Rxb4+ Kc6 55. Ke3 Be7
56. Rc4+ Kd5 57. f4 Bc5+ 58. Kf3 Nh4+ 59. Ke2 1/2-1/2

[Event "Smartchess.com It"]
[Site "New York USA"]
[Date "2001.10.14"]
[Round "8"]
[White "Cela,A"]
[Black "Shahade,G"]
[Result "0-1"]
[WhiteElo "2483"]
[BlackElo "2459"]
[EventDate "2001.10.07"]

1. e4 c5 2. Nf3 d6 3. d4 cxd4 4. Nxd4 Nf6 5. Nc3 a6 6. Bg5 e6 7. f4 Qb6 8.
Nb3 Nbd7 9. Be2 Be7 10. Qd2 Qc7 11. Bf3 h6 12. Bxf6 Nxf6 13. O-O-O Bd7 14.
Rhe1 O-O-O 15. Re3 Kb8 16. Kb1 g5 17. g3 gxf4 18. gxf4 e5 19. Nd5 Nxd5 20.
exd5 Bf6 21. Na5 Ka7 22. Rb3 Rb8 23. Re1 Rhc8 24. Re4 Bd8 25. Nc4 f5 26.
Qe3+ b6 27. Rc3 fxe4 28. Na5 exf3 29. fxe5 Qxc3 30. bxc3 Bh4 31. Nc6+ Bxc6
32. Qxf3 Bb7 0-1

[Event "Smartchess.com It"]
[Site "New York USA"]
[Date "2001.10.15"]
[Round "9"]
[White "Perelshteyn,E"]
[Black "Cela,A"]
[Result "1-0"]
[WhiteElo "2432"]
[BlackElo "2483"]
[EventDate "2001.10.07"]

1. e4 c6 2. d4 d5 3. exd5 cxd5 4. c3 Nc6 5. Bd3 g6 6. Nf3 Bg7 7. O-O Nf6 8.
h3 O-O 9. Bf4 Bf5 10. Bxf5 gxf5 11. Nbd2 Ne4 12. Ne1 e6 13. f3 Nxd2 14.
Qxd2 Qh4 15. Nd3 Kh8 16. Kh2 Rg8 17. g4 Qf6 18. Rae1 Raf8 19. Nc5 Qe7 20.
gxf5 b6 21. Nd3 Qf6 22. fxe6 fxe6 23. Rg1 Ne7 24. Be5 Qxf3 25. Rxg7 Rxg7
26. Rg1 Rff7 27. Nf4 Kg8 28. Bxg7 Rxg7 29. Rxg7+ Kxg7 30. Nxe6+ Kf6 31.
Qf4+ Qxf4+ 32. Nxf4 Kf5 33. Kg3 Ke4 34. Kg4 a5 35. a4 h6 36. h4 Ng8 37. Nh5
Ne7 38. Nf6+ Kd3 39. Kf4 Ng6+ 40. Kf5 Nxh4+ 41. Kg4 Ng6 42. Nxd5 Kc2 43.
Kf5 Nf8 44. Nxb6 h5 45. d5 Kxb2 46. c4 h4 47. Kg4 Ng6 48. c5 Kc3 49. c6 h3
50. Kxh3 1-0

[Event "Smartchess.com It"]
[Site "New York USA"]
[Date "2001.10.16"]
[Round "1"]
[White "Krush,I"]
[Black "Wojtkiewicz,A"]
[Result "0-1"]
[WhiteElo "2411"]
[BlackElo "2573"]
[EventDate "2001.10.07"]

1. e4 c5 2. Nf3 g6 3. c3 Bg7 4. d4 cxd4 5. cxd4 d5 6. e5 Bg4 7. Nc3 Nc6 8.
Bb5 e6 9. h3 Bxf3 10. Qxf3 Nge7 11. Qd3 O-O 12. O-O f6 13. f4 Nb4 14. Qe2
Nf5 15. Rd1 Qb6 16. Kh2 a6 17. Ba4 Nxd4 18. Qe3 fxe5 19. fxe5 Qc7 20. Rxd4
Qxe5+ 0-1